| 000 | 00360nam a2200133Ia 4500 | ||
|---|---|---|---|
| 008 | 220216s9999 xx 000 0 und d | ||
| 100 | _aGeorge C.M. | ||
| 245 | 2 | _aA preliminary report of the permanent manurial experiment on rubber | |
| 260 |
_bRubber Board Bulletin _c1963-64 |
||
| 300 | _a37-40 | ||
| 650 | _aFertilizer | ||
| 650 | _aManuring | ||
| 942 | _cBS | ||
| 999 |
_c48656 _d48656 |
||